000 00297nam a22001337a 4500
008 170213b xxu||||| |||| 00| 0 eng d
020 _a9780073402062
041 _aeng
080 _25ED
_a61
100 _a4
101 _aSHM
245 _aLAW ETHICS FOR MEDICAL CAREERS
_cJUDSON
942 _2udc
_cBK
999 _c5204
_d5204